3e congrès international de cybernétique : (Record no. 1214)
[ view plain ]
| 000 -LEADER | |
|---|---|
| fixed length control field | 01749nam a22002772 4500 |
| 001 - CONTROL NUMBER | |
| control field | 1214 |
| 003 - CONTROL NUMBER IDENTIFIER | |
| rucl marc code | BD-RjUL |
| 005 - DATE AND TIME OF LATEST TRANSACTION | |
| control field | 20211208233308.0 |
| 008 - FIXED-LENGTH DATA ELEMENTS--GENERAL INFORMATION | |
| fixed length control field | 020917s1961 be a 100 0 fre d |
| 035 ## - SYSTEM CONTROL NUMBER | |
| System control number | (BD-RjUL)1236 |
| 040 ## - CATALOGING SOURCE | |
| Original cataloging agency | BD-RjUL |
| Language of cataloging | eng |
| Transcribing agency | BD-RjUL |
| 041 0# - LANGUAGE CODE | |
| Language code of text/sound track or separate title | freeng |
| 082 00 - DEWEY DECIMAL CLASSIFICATION NUMBER | |
| Edition number | 22 |
| Classification number | 005.11 |
| Author mark and year | CON 1965 |
| 111 2# - MAIN ENTRY--MEETING NAME | |
| Meeting name or jurisdiction name as entry element | International Congress on Cybernetics |
| Number of part/section/meeting | (3rd : |
| Date of meeting | 1961 : |
| Location of meeting | Namur, Belgium) |
| 9 (RLIN) | 3594 |
| 245 10 - TITLE STATEMENT | |
| Title | 3e congrès international de cybernétique : |
| Remainder of title | Namur, 11-15 septembre 1961 : actes = 3rd international congress on cybernetics : Namur, September 11-15th, 1961 : proceedings / |
| Statement of responsibility, etc. | Association Intnerationale de Cybernétique. |
| 246 10 - VARYING FORM OF TITLE | |
| Title proper/short title | Troisième congrès international de cybernétique |
| Title proper/short title | Third international congress on cybernetics |
| 260 ## - PUBLICATION, DISTRIBUTION, ETC. (IMPRINT) | |
| Place of publication, distribution, etc. | Namur [Belgium] : |
| Name of publisher, distributor, etc. | Association internationale de cybernétique, |
| Date of publication, distribution, etc. | 1965. |
| 300 ## - PHYSICAL DESCRIPTION | |
| Pagination | xxxiii, 972 p. : |
| Illustrations | ill. ; |
| Size | 25 cm. |
| 505 0# - FORMATTED CONTENTS NOTE | |
| Formatted contents note | [Papers :] Cybernétique et biologie / Henri Laborit. -- The cybernetics of evolutionary processes and of self organizing systems / Gordon A. Pask. -- Variabilité et spécificité / François Bonsack. [Workshops :] Les fondements et les méthodes de la cybernétique = Principles and methods of cybernetics. -- Les machines sémantiques = Semantic machines. -- L'automation : aspects techniques = Automation : technical aspects. -- L'automation : aspects économiques et sociaux = Automation : economic and social aspects. -- La cybernétique et la vie = Cybernetics and life. |
| 650 #0 - SUBJECT ADDED ENTRY--TOPICAL TERM | |
| Topical term or geographic name as entry element | Evolutionary programming (Computer science) |
| Form subdivision | Congresses. |
| 9 (RLIN) | 3595 |
| Topical term or geographic name as entry element | Cybernetics |
| Form subdivision | Congresses. |
| 9 (RLIN) | 3596 |
| Topical term or geographic name as entry element | Automation |
| Form subdivision | Congresses. |
| 9 (RLIN) | 3597 |
| 710 2# - ADDED ENTRY--CORPORATE NAME | |
| Corporate name or jurisdiction name as entry element | International Association for Cybernetics. |
| 9 (RLIN) | 3598 |
| 942 ## - ADDED ENTRY ELEMENTS (KOHA) | |
| Source of classification or shelving scheme | Dewey Decimal Classification |
| Koha item type | Books |
| Lost status | Source of classification or shelving scheme | Damaged status | Not for loan | Collection code | Permanent Location | Current Location | Shelving location | Date acquired | Source of acquisition | Cost, normal purchase price | Total Checkouts | Full call number | Date last seen | Copy number | Koha item type |
|---|---|---|---|---|---|---|---|---|---|---|---|---|---|---|---|
| Dewey Decimal Classification | Not For Loan | Non-fiction | Central Library, University of Rajshahi | Central Library, University of Rajshahi | Reading Room | 24/03/1966 | Zeitlinger | 240.00 | 005.11 CON 1965 | 25/11/2013 | C-1 | Books |